Pokémon - Champions d'Arène - Lovis (DE/PS) - Statistiques

Statistiques générales
  • Ce quiz a été pris 11 fois
  • Le résultat moyen est 97 sur 168
Statistiques - réponses
Hint Réponse % Correct
Capacités Aqua-Jet
100%
Type Eau
100%
Léviator
100%
Ludicolo
100%
Maraiste
100%
Mustéflott
100%
Type Plante
100%
Type Sol
100%
Niv 27
83%
Bekipan
83%
Capacités Cascade
83%
Type Insecte
83%
Talent Intimidation
83%
Capacités Laser Glace
83%
Type Roche
83%
Type Vol
83%
Niv 30
67%
Niv 72
67%
Armaldo
67%
Capacités Crocs Givre
67%
Type Dragon
67%
Capacités Hydrocanon
67%
Capacités Hydro-Queue
67%
Hyporoi
67%
Laggron
67%
Capacités Mâchouille
67%
Capacités Séisme
67%
Talent Torrent
67%
Ville Verchamps
67%
Niv 68
50%
Niv 70
50%
Type Acier
50%
Objet Baie Sitrus
50%
Cizayox
50%
Talent Crachin
50%
Capacités Danse Pluie
50%
Capacités Draco-Choc
50%
Capacités Éco-Sphère
50%
Talent Glissade
50%
Capacités Lame de Roc
50%
Capacités Morsure
50%
Objet Orbe Vie
50%
Capacités Pisto-Poing
50%
Capacités Plaie Croix
50%
Capacités Plénitude
50%
CT | Capacités Saumure
50%
Capacités Surf
50%
Talent Technicien
50%
Capacités Tomberoche
50%
Capacités Avalanche
33%
Objet Bandeau Choix
33%
Capacités Danse Draco
33%
Capacités Demi-Tour
33%
Capacités Ébullition
33%
Capacités Exploforce
33%
Talent Moiteur
33%
Objet Mouchoir Choix
33%
Badge Palustre
33%
Objet Roche Humide
33%
Tarpaud
33%
Capacités Tir de Boue
33%
Capacités Vent Violent
33%
Objet Baie Maron
17%
Capacités Buée Noire
17%
Capacités Casse-Brique
17%
Objet Ceinture Force
17%
Capacités Gigotage
17%
Objet Loupe
17%
Capacités Luminocanon
17%
Talent Pression
17%
Capacités Repos
17%
Capacités Requiem
17%
Capacités Sabotage
17%
Serpang
17%
Suicune
17%
Capacités Telluriforce
17%
Capacités Vive-Attaque
17%
Objet Baie Parma
0%
Objet Baie Ratam
0%
Capacités Clonage
0%
Capacités Danse Folle
0%
Capacités Exuviation
0%
Talent Ignifu-Voile
0%
Objet Roche Royale
0%
Capacités Surpuissance
0%
Aucun quiz correspondant
Distribution des résultats
% des personnes avec chaque résultat
Percentile par nombre de réponses
Votre historique - résultats
Vous n’avez pas pris ce quiz